Southville International School and Colleges
Your cart is empty.
  • Cart
  • Lists
    Public lists Eva Luna New books Lux_list list_1
    Your lists Log in to create your own lists
  • Log in to your account
  • Your cookies
  • Search history
Southville International School and Colleges
  • Advanced search
  • Recent comments
  • Most popular
  • Libraries

Log in to your account

Log in with GOOGLE


If you do not have an external account, but do have a local account, you can still log in:

  1. Home
  2. MARC view: Inside the teeange brain:
Normal view MARC view ISBD view

Inside the teeange brain: (Record no. 24267)

[ view plain ]
MARC details
000 -LEADER
fixed length control field 00676nam a2200229 a 4500
005 - DATE AND TIME OF LATEST TRANSACTION
control field 20140310183515.0
008 - FIXED-LENGTH DATA ELEMENTS--GENERAL INFORMATION
fixed length control field 110105s19uu xx 00 eng d
020 ## - INTERNATIONAL STANDARD BOOK NUMBER
International Standard Book Number 9781607091186
050 ## - LIBRARY OF CONGRESS CALL NUMBER
Classification number HQ 799.15
Item number .F45 2009
100 ## - MAIN ENTRY--PERSONAL NAME
Personal name Feinstein, Sheryl
245 ## - TITLE STATEMENT
Title Inside the teeange brain:
Remainder of title parenting a work in progress. /
Statement of responsibility, etc Sheryl Feinstein
260 ## - PUBLICATION, DISTRIBUTION, ETC. (IMPRINT)
Place of publication, distribution, etc New York :
Name of publisher, distributor, etc Rowman & Littlefield Pub.,Inc,
Date of publication, distribution, etc 2009.
300 ## - PHYSICAL DESCRIPTION
Extent 137 p. :
Dimensions 24 cm.
521 ## - TARGET AUDIENCE NOTE
Target audience note
650 ## - SUBJECT ADDED ENTRY--TOPICAL TERM
Topical term or geographic name as entry element Parent and teeanager.
650 ## - SUBJECT ADDED ENTRY--TOPICAL TERM
Topical term or geographic name as entry element Adolscent psychology.
650 ## - SUBJECT ADDED ENTRY--TOPICAL TERM
Topical term or geographic name as entry element Teenagers.
650 ## - SUBJECT ADDED ENTRY--TOPICAL TERM
Topical term or geographic name as entry element Parenting.
700 ## - ADDED ENTRY--PERSONAL NAME
Personal name foreword by: Eric Jensen
942 ## - ADDED ENTRY ELEMENTS (KOHA)
Koha item type Books
Source of classification or shelving scheme Library of Congress Classification
Call number prefix Foreign
Holdings
Withdrawn status Lost status Source of classification or shelving scheme Damaged status Home library Current library Shelving location Date acquired Source of acquisition Cost, normal purchase price Total Checkouts Total Renewals Full call number Barcode Date last seen Date checked out Copy number Price effective from Koha item type
    Library of Congress Classification   College Library College Library General Circulation Section 01/05/2011 Library Fund 1597.00 6 32 HQ 799.15 .F45 2009 C11694 05/14/2021 03/03/2021 1 10/18/2013 Books

Inside the teeange brain:

APA

Feinstein S., foreword by: Eric Jensen, . (2009). Inside the teeange brain. New York: Rowman & Littlefield Pub.,Inc.

Chicago

Feinstein Sheryl, foreword by: Eric Jensen, . 2009. Inside the teeange brain. New York: Rowman & Littlefield Pub.,Inc.

Harvard

Feinstein S., foreword by: Eric Jensen, . (2009). Inside the teeange brain. New York: Rowman & Littlefield Pub.,Inc.

MLA

Feinstein Sheryl, foreword by: Eric Jensen, . Inside the teeange brain. New York: Rowman & Littlefield Pub.,Inc. 2009.

  • Place hold
  • Print
  • Cite
  • Add to your cart (remove)
  • Save record
    BIBTEX Dublin Core MARCXML MARC (non-Unicode/MARC-8) MARC (Unicode/UTF-8) MARC (Unicode/UTF-8, Standard) MODS (XML) RIS
  • More searches
    Search for this title in:
    Other Libraries (WorldCat) Other Databases (Google Scholar) Online Stores (Bookfinder.com) Open Library (openlibrary.org)

Exporting to Dublin Core...

SOUTHVILLE LIBRARY

Southville International School and Colleges Library

1281 Tropical Ave. Cor. Luxembourg St., BF Homes International, Las Pinas City

Tel. No. 8256374 / 252358 Loc. 117/146

Powered by Koha